El gobernador Giraldo y las garantias individuales (Registro nro. 267082)

Detalles MARC
001 - NÚMERO DE CONTROL
campo de control 786882
005 - FECHA Y HORA DE LA ÚLTIMA TRANSACCIÓN
campo de control 20260506095448.0
007 - CAMPO FIJO DE DESCRIPCIÓN FÍSICA--INFORMACIÓN GENERAL
campo de control de longitud fija td
008 - DATOS DE LONGITUD FIJA--INFORMACIÓN GENERAL
campo de control de longitud fija 021122uuuuuuuuu spa
035 ## - NÚMERO DE CONTROL DEL SISTEMA
Número de control de sistema 786882
040 ## - FUENTE DE LA CATALOGACIÓN
Centro/agencia transcriptor comduadb
041 ## - CÓDIGO DE LENGUA
Código de lengua del texto/banda sonora o título independiente spa
080 ## - NÚMERO DE LA CLASIFICACIÓN DECIMAL UNIVERSAL
Número de la Clasificación Decimal Universal HS
100 10 - ENTRADA PRINCIPAL--NOMBRE DE PERSONA
Nombre de persona Restrepo, Emiliano
Código de función aut
Término indicativo de función/relación Autor/a
9 (RLIN) 367031
245 13 - MENCIÓN DE TÍTULO
Título El gobernador Giraldo y las garantias individuales
260 ## - PUBLICACIÓN, DISTRIBUCIÓN, ETC.
Lugar de publicación, distribución, etc. Medellín :
Nombre del editor, distribuidor, etc. Imprenta de Balcazar,
Fecha de publicación, distribución, etc. 1860.
504 ## - NOTA DE BIBLIOGRAFÍA, ETC.
Nota de bibliografía, etc. Se complementa con los documentos : HS5/D15/F15 y HS5/D16/F16.
520 3# - SUMARIO, ETC.
Sumario, etc. La iniquidad, la arbitrariedad y la violencia , estan a la par con el gobernador; dos miembros de las corporaciones electorales que gozan de impunidad han sido detenidos, junto con otros ciudadanos; todo por haber pedido a Braulio Henao, que apoyara la neutralidad de Antioquia.
650 ## - PUNTO DE ACCESO ADICIONAL DE MATERIA--TÉRMINO DE MATERIA
Término de materia o nombre geográfico como elemento de entrada Giraldo, Rafael Maria
9 (RLIN) 39964
650 ## - PUNTO DE ACCESO ADICIONAL DE MATERIA--TÉRMINO DE MATERIA
Término de materia o nombre geográfico como elemento de entrada Restrepo, Emilio
9 (RLIN) 103445
650 ## - PUNTO DE ACCESO ADICIONAL DE MATERIA--TÉRMINO DE MATERIA
Término de materia o nombre geográfico como elemento de entrada Restrepo, Marcelino
9 (RLIN) 83114
650 ## - PUNTO DE ACCESO ADICIONAL DE MATERIA--TÉRMINO DE MATERIA
Término de materia o nombre geográfico como elemento de entrada Henao, Braulio
9 (RLIN) 1872
650 ## - PUNTO DE ACCESO ADICIONAL DE MATERIA--TÉRMINO DE MATERIA
Término de materia o nombre geográfico como elemento de entrada Gobernadores - Antioquia
9 (RLIN) 44746
650 ## - PUNTO DE ACCESO ADICIONAL DE MATERIA--TÉRMINO DE MATERIA
Término de materia o nombre geográfico como elemento de entrada Antioquia - Guerra civil, 1860
9 (RLIN) 108996
700 10 - ENTRADA AGREGADA--NOMBRE PERSONAL
Nombre de persona Restrepo, Marcelino
Código de función aut
Término indicativo de función/relación Autor/a
9 (RLIN) 517465
942 ## - ELEMENTOS DE ENTRADA AGREGADA (KOHA)
Tipo de ítem Koha Libros
Existencias
Estado de retiro Estado de pérdida Estado dañado No para préstamo Código de colección Localización permanente Ubicación/localización actual Fecha de adquisición Número de inventario Total de préstamos Signatura topográfica completa Fecha visto por última vez Número de copia Precio válido a partir de Tipo de ítem Koha
        Colección de Periódicos - Piso 4 Biblioteca Carlos Gaviria Díaz, Campus Medellín Biblioteca Carlos Gaviria Díaz, Campus Medellín 22/11/2002 C764263   HS5 D18 F18-19 24/04/2023 1 24/04/2023 Recorte de Prensa - Periódico